| 000 | 00811cab a2200265 4500 | ||
|---|---|---|---|
| 001 | ABS59653 | ||
| 008 | 090401t1998 xxu||||| |||| 00| 0 eng d | ||
| 035 | _a(Sirsi) u89875 | ||
| 041 | _aeng | ||
| 245 | _aFeature: energy management | ||
| 260 | _c1998 | ||
| 350 | _a0 | ||
| 490 |
_aBuilding Services & Environmental Engineer _vNovember 1998, 13-21(8) |
||
| 520 | _aExplores energy-management issues, and previews what exhibitors will be showing at the Nemex 1998 energy management exhibition. | ||
| 650 | _aBUILDING-CONTROL SYSTEMS | ||
| 650 | _aELECTRIC MOTORS | ||
| 650 | _aENERGY MANAGEMENT | ||
| 650 | _aENERGY SUPPLIES | ||
| 650 | _aGAS | ||
| 650 | _aINVERTERS | ||
| 650 | _aLIGHTING CONTROL | ||
| 690 | _aENVIRONMENTAL AND LAND CONSULTANCY-ENERGY | ||
| 942 | _n0 | ||
| 948 | _c23/11/1998 | ||
| 999 |
_c56898 _d56898 |
||